000
00300nam a2200121Ia 4500
005
20250409181041.0
008
250409s9999||||xx |||||||||||||| ||und||
100
_a
VERMA, M M
245
0
_a
SALESMANSHIP AND PUBLICITY
260
_b
KING BOOKS PUBLISHERS,
_a
DELHI:
650
_v
Management
942
_c
BOOK
999
_c
7396
_d
7396